Hình học vi phân /
Сохранить в:
| Главный автор: | |
|---|---|
| Формат: | Sách giấy |
| Язык: | Vietnamese |
| Опубликовано: |
Hà Nội :
Giáo dục ,
1989.
|
| Предметы: | |
| Метки: |
Добавить метку
Нет меток, Требуется 1-ая метка записи!
|
| Thư viện lưu trữ: | Thư viện Trường Đại học Đà Lạt |
|---|
| LEADER | 00632nam a2200277 4500 | ||
|---|---|---|---|
| 001 | DLU110121313 | ||
| 005 | ##20110517 | ||
| 020 | # | # | |a 978- |
| 041 | # | # | |a vie |
| 082 | # | # | |a 516.36 |b DO-Q |
| 100 | # | # | |a Đoàn Quỳnh. |
| 245 | # | # | |a Hình học vi phân / |c Đoàn Quỳnh. |
| 260 | # | # | |a Hà Nội : |b Giáo dục , |c 1989. |
| 300 | # | # | |a 380 tr.; |c 21 cm. |
| 653 | # | # | |a Hình học vi phân |
| 923 | # | # | |a 01/2011TN |
| 991 | # | # | |a GT |
| 992 | # | # | |a 2200 |
| 994 | # | # | |a KTN |
| 900 | # | # | |a True |
| 911 | # | # | |a Đào Thị Thu Huyền |
| 925 | # | # | |a G |
| 926 | # | # | |a A |
| 927 | # | # | |a SH |
| 980 | # | # | |a Thư viện Trường Đại học Đà Lạt |